Stagnace japonské ekonomiky: otázka diagnózy a účinných receptů

Začiatkom 90. rokov bol dynamický rozvoj v Japonsku vystriedaný útlmom. Pohľad na hospodársky vývoj v Japonsku po II. svetovej vojne. Príčiny rozpačitého vývoja hospodárstva v 90. rokoch. Vývoj vybraných makroekonomických ukazovateľov v období 1982-2002.

Gespeichert in:
Bibliographische Detailangaben
1. Verfasser: Fárek, Jiří
Format: Buchkapitel
Sprache:Tschechisch
Schlagworte:
Tags: Tag hinzufügen
Keine Tags, Fügen Sie das erste Tag hinzu!

MARC

LEADER 00000naa a2200000 4500
001 r045032
005 20231004105140.9
041 0 |a cze 
044 |a CZ 
245 1 0 |a Stagnace japonské ekonomiky: otázka diagnózy a účinných receptů  |c Jiří Fárek 
520 |a Začiatkom 90. rokov bol dynamický rozvoj v Japonsku vystriedaný útlmom. Pohľad na hospodársky vývoj v Japonsku po II. svetovej vojne. Príčiny rozpačitého vývoja hospodárstva v 90. rokoch. Vývoj vybraných makroekonomických ukazovateľov v období 1982-2002. 
610 2 0 |a vývoj hospodársky 
610 2 0 |a Japonsko 
610 2 0 |a recesia 
610 2 0 |a kríza hospodárska 
610 2 0 |a ukazovatele makroekonomické 
610 2 0 |a produkt domáci hrubý 
610 2 0 |a inflácia 
100 1 |a Fárek, Jiří